What the Dickens? Quiz Stats

Quiz Updated Mar 19, 2012

Challenge
Share
Tweet
Most have these have tortuously long original titles but are published as shown below.
Score 0/5 Timer 01:00
1 Play Today
% Correct
Oliver Twist
89.5%
David Copperfield
74%
Nicholas Nickleby
44.4%
Martin Chuzzlewit
21.1%
Barnaby Rudge
16.6%

You're not logged in!

Compare scores with friends on all Sporcle quizzes.
Join for Free
OR
Log In

You Might Also Like...

Show Comments

Extras

Top Quizzes Today


Score Distribution

Your Account Isn't Verified!

In order to create a playlist on Sporcle, you need to verify the email address you used during registration. Go to your Sporcle Settings to finish the process.

Report this User

Report this user for behavior that violates our Community Guidelines.

Details: